Coaching and Mentoring: Theory and Practice (Record no. 43592)

MARC details
000 -LEADER
fixed length control field 00489 a2200181 4500
005 - DATE AND TIME OF LATEST TRANSACTION
control field 20250417094204.0
008 - FIXED-LENGTH DATA ELEMENTS--GENERAL INFORMATION
fixed length control field 250405b |||||||| |||| 00| 0 eng d
020 ## - INTERNATIONAL STANDARD BOOK NUMBER
International Standard Book Number 9781529740776
041 ## - LANGUAGE CODE
Language code of text/sound track or separate title eng
082 ## - DEWEY DECIMAL CLASSIFICATION NUMBER
Classification number 658.3124 GAR
100 ## - MAIN ENTRY--PERSONAL NAME
Author Garvey, Bob
245 ## - TITLE STATEMENT
Title Coaching and Mentoring: Theory and Practice
250 ## - EDITION STATEMENT
Edition statement 4th
260 ## - PUBLICATION, DISTRIBUTION, ETC.
Place London
Publisher Sage Publication
Publication Year 2022
300 ## - PHYSICAL DESCRIPTION
Extent xxiv, 373 pages : 25 cm
650 ## - SUBJECT ADDED ENTRY--TOPICAL TERM
Subject Mentoring in Business; Employees Coaching
942 ## - ADDED ENTRY ELEMENTS (KOHA)
Koha item type Books
Holdings
Withdrawn status Lost status Source of classification or shelving scheme Damaged status Not for loan Home library Current library Shelving location Accession Date Vendor Price Bill number Full call number Barcode No Date last seen Discount Bill Date Koha item type Suggested By
    Dewey Decimal Classification     IMTN IMTN Rack 26-A 03/28/2025 Raghav Book Private Limited 9905.70 2374 658.3124 GAR 33876 04/05/2025 33 02/14/2025 Books Mr. Nitin Bhushan (CAO)
Designed & Maintained by: LRC IMT Nagpur Contact: lrc@imtnag.ac.in© 2024. All Rights Reserved.